| 000 | 00635nam a2200241Ia 4500 | ||
|---|---|---|---|
| 003 | OSt | ||
| 005 | 20221005084547.0 | ||
| 006 | a|||||r|||| 00| 0 | ||
| 007 | ta | ||
| 008 | 221004b |||||||| |||| 00| 0 eng d | ||
| 024 | _a80754 | ||
| 037 |
_bGift, 01/01/2005, _cTextual |
||
| 040 |
_aCRL _cCRL _beng |
||
| 041 |
_2eng _aeng |
||
| 082 | _a4.3x, M3 | ||
| 100 | _aEvans Harold | ||
| 245 | 0 | _aGood times, bad times | |
| 260 |
_aNew York _bAtheneum USA _c1983 |
||
| 300 |
_a430p. _ccm. |
||
| 650 |
_aJOUNRALISM _93876 |
||
| 942 |
_h4.3x, M3 _cTEXL _2cc |
||
| 999 |
_c992793 _d992793 |
||